Actual Trends in Theory and in Practice of the International Business Ethics

Princípy medzinárodnej obchodnej etiky a jej vývoj. Porovnanie etických štandardov v rôznych kultúrach. Rozdiely medzi Európou, USA a Áziou. Normatívy a odporúčania v oblasti rokovaní s multinárodnými korporáciami.

Salvato in:
Dettagli Bibliografici
Autore principale: Dubcová, Gabriela, 1968-
Natura: Capitolo di libro
Lingua:inglese
Soggetti:
Tags: Aggiungi Tag
Nessun Tag, puoi essere il primo ad aggiungerne!!

MARC

LEADER 00000nla a2200000 4500
001 0173964
005 20240502083414.7
041 0 |a eng 
044 |a CZ 
245 1 0 |a Actual Trends in Theory and in Practice of the International Business Ethics  |c Gabriela Dubcová 
520 |a Princípy medzinárodnej obchodnej etiky a jej vývoj. Porovnanie etických štandardov v rôznych kultúrach. Rozdiely medzi Európou, USA a Áziou. Normatívy a odporúčania v oblasti rokovaní s multinárodnými korporáciami. 
610 2 0 |a etika podnikateľská 
610 2 0 |a zvyklosti kultúrne 
610 2 0 |a komunikácia multikultúrna 
610 2 0 |a korporácie transnacionálne 
610 2 0 |a podnikanie medzinárodné 
100 1 |a Dubcová, Gabriela, 1968-